বাংলাদেশের ইতিহাস : প্রাচীনকাল থেকে ১৯৭১ /

Λεπτομέρειες βιβλιογραφικής εγγραφής
Μορφή: Βιβλίο
Γλώσσα:Bengali
Έκδοση: ঢাকা : ঝিনুক প্রকাশনী, ২০১২.
Θέματα:
Classic Catalogue: View this record in Classic Catalogue
LEADER 01471nam a22002537a 4500
001 AAL7661
003 BD-DhAAL
005 20160124192121.0
008 160124m20122008bd ||||| b||| 00| 0 ben d
020 |a 9847011200390 
040 |a BD-DhAAL  |c BD-DhAAL 
082 |a 954.92 
245 |a বাংলাদেশের ইতিহাস :  |b প্রাচীনকাল থেকে ১৯৭১ /  |c রচনা, সম্পাদনা ও সংকলন মোহাম্মদ নূরনবী 
260 |a ঢাকা :  |b ঝিনুক প্রকাশনী,   |c ২০১২. 
300 |a ৪১৬ পৃ. ;  |c ২২ সে.মি. 
504 |6 Includes bibliography 
541 |e 7661 
651 |a Bangladesh   |x History   |9 17547 
942 |2 ddc  |c BK 
999 |c 36675  |d 36675 
952 |0 0  |1 0  |2 ddc  |4 0  |6 954_920000000000000_BAN  |7 0  |9 57682  |a SCL  |b SCL  |c GEN  |d 2016-01-24  |g 350.00  |l 35  |m 86  |o 954.92 BAN  |p 3020007661  |r 2025-09-15  |s 2025-09-02  |t 1  |w 2016-01-24  |y BK 
952 |0 0  |1 0  |2 ddc  |4 0  |6 954_920000000000000_BAN  |7 0  |9 57684  |a SCL  |b SCL  |c GEN  |d 2016-01-24  |g 350.00  |l 25  |m 53  |o 954.92 BAN  |p 3020006977  |r 2025-05-03  |s 2025-04-25  |t 2  |w 2016-01-24  |y BK 
952 |0 0  |1 0  |2 ddc  |4 0  |6 954_920000000000000_BAN  |7 0  |9 57685  |a SCL  |b SCL  |c GEN  |d 2016-01-24  |g 350.00  |l 28  |m 71  |o 954.92 BAN  |p 3020006978  |r 2025-03-13  |s 2025-03-11  |t 3  |w 2016-01-24  |y BK 
952 |0 0  |1 0  |2 ddc  |4 0  |6 954_920000000000000_BAN  |7 0  |9 57686  |a SCL  |b SCL  |c GEN  |d 2016-01-24  |g 350.00  |l 23  |m 51  |o 954.92 BAN  |p 3020007660  |r 2025-08-01  |s 2025-07-27  |t 4  |w 2016-01-24  |y BK